Buteurs équipe de France - Coupe du Monde 1998 (Mort subite) - Statistiques

Statistiques générales
  • Ce quiz a été pris 598 fois
  • Le résultat moyen est 6 sur 9
Answers on the Grid
Answers color-coded by a green-red scale on the quiz's grid according to % correct below.
Christophe Dugarry
Thierry Henry
David Trezeguet
Bixente Lizarazu
Youri Djorkaeff
Emmanuel Petit
Laurent Blanc
Lilian Thuram
Zinedine Zidane
Vincent Candela
Marcel Desailly
Frank Leboeuf
Robert Pirès
Stéphane Guivarc'h
Didier Deschamps
Patrick Vieira
Bernard Diomède
Alain Boghossian
Christian Karembeu
 
Statistiques - réponses
Réponse % Correct
Zinedine Zidane
90%
Lilian Thuram
82%
Emmanuel Petit
81%
Thierry Henry
75%
Laurent Blanc
61%
Youri Djorkaeff
55%
David Trezeguet
51%
Christophe Dugarry
47%
Bixente Lizarazu
34%
Aucun quiz correspondant
Distribution des résultats
% des personnes avec chaque résultat
Percentile par nombre de réponses
Votre historique - résultats
Vous n’avez pas pris ce quiz